[Event "8th Penang Open 2016"]
[Site "Penang MAS"]
[Date "2016.12.07"]
[Round "4.28"]
[White "Eng,Jia Qian"]
[Black "Tan,Jun Ying"]
[Result "0-1"]
[WhiteElo "1583"]
[BlackElo "1978"]

1.d4 Nf6 2.Nf3 e6 3.c4 c5 4.d5 exd5 5.cxd5 d6 6.Nc3 g6 7.g3 Bg7 8.Bg2 O-O
9.O-O Re8 10.Bf4 Na6 11.Re1 Nh5 12.Bg5 Qa5 13.Nd2 Bxc3 14.bxc3 Qxc3 15.Ne4 Rxe4
16.Bxe4 Qe5 17.Bxg6 hxg6 18.Qd2 Nb4 19.e4 Nc2 20.Qxc2 Qxg5 21.e5 b6 22.exd6 Qxd5
23.Rad1 Qc6 24.Qe4 Qxe4 25.Rxe4 Be6 26.Ra4 Nf6 27.Rf4 Nd5 28.d7 Rd8 29.Rf3 Rxd7
30.Ra3 Rc7 31.Rad3 Nb4 32.Rd8+ Kg7 33.a3 Nc6 34.R8d2 c4 35.Rc2 b5 36.Rb2 c3
37.Rxb5 c2 38.Rc1 Nd4  0-1

[Event "176th MGU Open 2016"]
[Site "Sofia BUL"]
[Date "2016.12.10"]
[Round "2.2"]
[White "Stoyanov,Stoyan Or"]
[Black "Shalamanov,Vladimir"]
[Result "1-0"]
[WhiteElo "2024"]
[BlackElo "1725"]

1.d4 Nf6 2.c4 e6 3.Nf3 c5 4.d5 exd5 5.cxd5 d6 6.Nc3 g6 7.Bf4 Bg7 8.Qa4+ Bd7
9.Qb3 Qc7 10.h3 O-O 11.e3 Na6 12.Nd2 Rad8 13.Nc4 Be8 14.a4 Nb4 15.Be2 Nfxd5
16.Nxd5 Nxd5 17.Bxd6 Rxd6 18.Nxd6 Qxd6 19.O-O-O Qb6 20.Qxb6 Nxb6 21.b3 c4
22.a5 Nd7 23.Bxc4 Ne5 24.Be2 Bc6 25.f4 Nd7 26.Bf3 Bxf3 27.gxf3 Rc8+ 28.Kb1 Nf6
29.Rc1 Rxc1+ 30.Rxc1 Nd5 31.Rc8+ Bf8 32.Rb8 b6 33.e4 Nxf4 34.a6 Nd3 35.Ra8 Nb4
36.Rxa7 Nxa6 37.Rxa6  1-0

[Event "TCh-HUN 2016-17"]
[Site "Hungary HUN"]
[Date "2016.12.11"]
[Round "4.12"]
[White "Simon,Lil"]
[Black "Gara,T"]
[Result "0-1"]
[WhiteElo "1992"]
[BlackElo "2358"]

1.d4 Nf6 2.c4 e6 3.Nf3 c5 4.d5 exd5 5.cxd5 d6 6.Nc3 g6 7.e4 Bg7 8.h3 O-O
9.Bd3 Na6 10.O-O Re8 11.Re1 Nc7 12.a4 Na6 13.Bf4 Nh5 14.Bh2 Nb4 15.Bf1 Bh6
16.Na2 Nxa2 17.Rxa2 Bf4 18.Bxf4 Nxf4 19.b3 Qf6 20.Bb5 Rd8 21.Rd2 Bd7 22.Bxd7 Rxd7
23.e5 dxe5 24.Nxe5 Rd6 25.Nc4 Qg5 26.Qf3 Rd7 27.d6 Ne6 28.Rd5 Qf4 29.Ne5 Qxf3
30.gxf3 Rdd8 31.d7 Nd4 32.Re3 f6 33.Nc4 b6 34.Rd3 Ne2+ 35.Kg2 Nf4+ 36.Kg3 Nxd5
37.Rxd5 Rab8 38.a5 Rb7 39.Rd6 Rbxd7 40.Rxf6 bxa5 41.Nxa5 Rf8  0-1

[Event "TCh-HUN 2016-17"]
[Site "Hungary HUN"]
[Date "2016.12.11"]
[Round "4.2"]
[White "Beliavsky,A"]
[Black "Perunovic,Mil"]
[Result "1/2-1/2"]
[WhiteElo "2605"]
[BlackElo "2619"]

1.d4 Nf6 2.c4 e6 3.Nf3 c5 4.d5 d6 5.Nc3 exd5 6.cxd5 g6 7.e4 Bg7 8.Be2 O-O
9.O-O Re8 10.Nd2 Nbd7 11.a4 Ne5 12.Ra3 Bg4 13.f3 Bd7 14.Nb5 Qe7 15.f4 Bxb5
16.Bxb5 Ned7 17.e5 dxe5 18.fxe5 Nxe5 19.Bxe8 Rxe8 20.Nf3 Ne4 21.Re3 f5 22.Re2  1/2-1/2

[Event "100th Edward Lasker Mem"]
[Site "New York USA"]
[Date "2016.12.11"]
[Round "5"]
[White "Sarkar,J"]
[Black "Zherebukh,Y"]
[Result "1/2-1/2"]
[WhiteElo "2415"]
[BlackElo "2617"]

1.d4 Nf6 2.c4 c5 3.d5 e6 4.Nc3 exd5 5.cxd5 d6 6.Nf3 g6 7.Bf4 a6 8.a4 Bg7
9.h3 O-O 10.e3 Re8 11.Nd2 Bf5 12.Nc4 Ne4 13.Nxe4 Rxe4 14.g4 Rxf4 15.exf4 Be4
16.f3 Qh4+ 17.Ke2 Nc6 18.fxe4 Nd4+ 19.Kd2 Qg3 20.Kc1 Nb3+ 21.Kc2 Nxa1+ 22.Qxa1 Qf2+
23.Nd2 c4 24.Bxc4 Rc8 25.Kd1 Qxf4 26.Rf1 Qh2 27.Qa3 Bh6 28.g5 Bxg5 29.Nf3 Qg2
30.Rg1 Qf2 31.Rf1 Qg3 32.Rg1 Qf2  1/2-1/2

[Event "Australasian Masters IM"]
[Site "Melbourne AUS"]
[Date "2016.12.16"]
[Round "7.4"]
[White "Ang,Alphaeus Wei Ern"]
[Black "Yeoh,L"]
[Result "0-1"]
[WhiteElo "2250"]
[BlackElo "2432"]

1.d4 Nf6 2.c4 c5 3.d5 e6 4.Nc3 exd5 5.cxd5 d6 6.Nf3 g6 7.g3 Bg7 8.Bg2 O-O
9.O-O a6 10.a4 Nbd7 11.Bf4 Qe7 12.Qd2 Rb8 13.Bh6 b5 14.Bxg7 Kxg7 15.axb5 axb5
16.Ra7 Re8 17.Re1 b4 18.Nd1 Rb7 19.Rxb7 Bxb7 20.Ne3 Nb6 21.Nh4 Qe5 22.Nf3 Qe7
23.Nh4 Kh8 24.Rd1 Qe5 25.Nf3 Qh5 26.h3 Nfxd5 27.Nxd5 Qxd5 28.Qc1 Qc4 29.Qxc4 Nxc4
30.b3 Na5 31.Rxd6 Nxb3 32.Rd7 Bxf3 33.Bxf3 Nd4 34.Bd5 b3 35.e3 b2 36.Rb7 Ne2+
37.Kf1 Nc3 38.Bxf7 Re7 39.Rb8+ Kg7 40.Bxg6 hxg6 41.Rxb2 Rc7 42.f3 c4 43.Rc2 Nd5
44.Ke2 c3 45.e4 Nb4 46.Rc1 c2 47.Kd2 Rd7+ 48.Ke2 Kf6 49.h4 Ke5 50.g4 Kd4
51.h5 gxh5 52.gxh5 Rh7 53.Kd2 Rxh5 54.Ra1 Rh2+ 55.Kc1 Nd3+  0-1

[Event "28th Carlos Torre Mem"]
[Site "Merida MEX"]
[Date "2016.12.16"]
[Round "3.2"]
[White "Espinosa Veloz,E"]
[Black "Cordova,E"]
[Result "1-0"]
[WhiteElo "2499"]
[BlackElo "2660"]

1.d4 Nf6 2.c4 e6 3.Nf3 c5 4.d5 exd5 5.cxd5 d6 6.Nc3 a6 7.a4 g6 8.Bf4 Bg7
9.h3 O-O 10.e3 Re8 11.Bd3 Nbd7 12.Bxd6 Qb6 13.Bh2 Qxb2 14.Qc1 Qb4 15.O-O c4
16.Rb1 Qc5 17.Be2 Nb6 18.Be5 Rxe5 19.Nxe5 Bf5 20.Rxb6 Qxb6 21.Nxc4 Qc5 22.Qa3 Rc8
23.Qxc5 Rxc5 24.g4 Bc2 25.Rc1 Bb3 26.g5 Nxd5 27.Ne4 Rc6 28.a5 b5 29.axb6 Nxb6
30.Ned2 Bxc4 31.Nxc4 a5 32.Rc2 a4 33.Bd3 Nd5 34.Be4 Rc5 35.Bxd5 Rxd5 36.Ra2 Rd1+
37.Kg2 Ra1 38.Rd2 a3 39.Rd8+ Bf8 40.Ne5 Kg7 41.Rd7 a2 42.Rxf7+ Kg8 43.Ra7 Bc5
44.Ra8+ Kg7 45.Ng4 Kf7 46.Nf6 Be7 47.Nxh7 Bd8 48.h4 Ke6 49.Nf8+ Kf5 50.Rxd8 Rg1+
51.Kf3  1-0

[Event "ch-CZE Blitz 2016"]
[Site "Prague CZE"]
[Date "2016.12.17"]
[Round "7.6"]
[White "Jirka,J"]
[Black "Rosko,L"]
[Result "1-0"]
[WhiteElo "2431"]
[BlackElo "2357"]

1.d4 Nf6 2.c4 c5 3.d5 e6 4.Nc3 exd5 5.cxd5 d6 6.Nf3 g6 7.g3 Bg7 8.Bg2 O-O
9.O-O Re8 10.h3 Na6 11.Nd2 Nc7 12.Nc4 Rb8 13.Bf4 Bf8 14.a4 b6 15.Nb5 Nxb5
16.axb5 Rb7 17.Re1 Nh5 18.Bd2 Bd7 19.Qb3 Qc8 20.g4 Nf6 21.Bf4 Ne4 22.f3 Nf6
23.Bxd6 Qd8 24.Bxf8 Rxf8 25.e4 Ne8 26.e5 Nc7 27.Nd6 Rb8 28.Rxa7 Ra8 29.Rea1 Rxa7  1-0

[Event "An Pasan Alcor Christmas"]
[Site "Sofia BUL"]
[Date "2016.12.27"]
[Round "3.6"]
[White "Lenkova,Lyubomira"]
[Black "Stefan,Mihai"]
[Result "0-1"]
[WhiteElo "1259"]
[BlackElo "1893"]

1.d4 Nf6 2.c4 c5 3.d5 e6 4.Nc3 exd5 5.cxd5 d6 6.Nf3 g6 7.e4 Bg7 8.Bc4 O-O
9.O-O Re8 10.Re1 Nbd7 11.Bf4 Bf8 12.Qc2 a6 13.a4 Qc7 14.Nd2 Ng4 15.h3 Nge5
16.Bg3 Rb8 17.Be2 Nf6 18.Bh4 Bg7 19.f4 Ned7 20.Rac1 Nf8 21.Nc4 b5 22.axb5 axb5
23.Nd2 c4 24.b3 b4 25.Na4 c3 26.Bxf6 Bxf6 27.Nc4 Bd7 28.Rb1 Bxa4 29.bxa4 Nd7
30.Bf1 Nc5 31.a5 b3 32.Qe2 c2 33.Rbc1 Rxe4 34.Qf3 Rxe1 35.Rxe1 b2 36.Nxb2 Bxb2
37.a6 c1=Q 38.Rxc1 Bxc1 39.Qg4 Nxa6 40.Bxa6 Qa7+ 41.Kh1 Qxa6  0-1

[Event "9th Marseilles Open 2016"]
[Site "Marseille FRA"]
[Date "2016.12.28"]
[Round "6.1"]
[White "Thejkumar,M"]
[Black "Lagarde,Max"]
[Result "0-1"]
[WhiteElo "2458"]
[BlackElo "2588"]

1.d4 Nf6 2.c4 c5 3.d5 e6 4.Nc3 exd5 5.cxd5 d6 6.Nf3 g6 7.Nd2 Bh6 8.Qa4+ Kf8
9.g3 a6 10.Bg2 Nbd7 11.O-O b5 12.Qc2 Kg7 13.b3 Re8 14.Bb2 Kg8 15.a4 b4 16.Nce4 Nxe4
17.Nxe4 Qe7 18.Rfe1 a5 19.e3 Ba6 20.f4 f5 21.Nd2 Bg7 22.e4 Rac8 23.Rad1 Bd4+
24.Bxd4 cxd4 25.Nc4 Bxc4 26.bxc4 Nc5 27.Rxd4 fxe4 28.Bh3 Rb8 29.Be6+ Kh8
30.Rdd1 Qf6 31.Qd2 Qc3 32.Qf2 Nd3 33.Rxd3 exd3 34.Rd1 Qxc4 35.Kg2 h5 36.Qe3 Qxd5+  0-1

[Event "Jolimark HK Open 2016"]
[Site "Hong Kong HKG"]
[Date "2016.12.29"]
[Round "7.17"]
[White "Deng,Yu Dong Michael"]
[Black "Auyeung,Chi Hung Jonathan"]
[Result "0-1"]
[WhiteElo "1760"]
[BlackElo "1495"]

1.d4 Nf6 2.c4 c5 3.d5 e6 4.Nc3 exd5 5.cxd5 d6 6.Nf3 g6 7.h3 Bg7 8.e4 O-O
9.Bd3 b5 10.Nxb5 Re8 11.O-O Nxe4 12.Re1 a6 13.Na3 Nf6 14.Rxe8+ Nxe8 15.Bg5 Qc7
16.Qa4 Nd7 17.Re1 Nef6 18.Bxf6 Nxf6 19.Qf4 Bb7 20.Nc4 Rd8 21.Ng5 Nxd5 22.Qh4 Nf6
23.Nd2 d5 24.Ngf3 h6 25.b3 g5 26.Qa4 Bc6 27.Qa3 Bb5 28.Bf5 Nd7 29.Qc1 Ne5
30.Nxe5 Bxe5 31.Nf3 Bf4 32.Qc2 d4 33.Bd3 Bxd3 34.Qxd3 Qa5 35.g3 Qc3 36.Rd1 Qxd3
37.Rxd3 Bc7 38.Kf1 Kg7 39.Nd2 Ba5 40.Nf3 Kf6 41.a3 Rd6 42.Ke2 Bc3 43.Nd2 Re6+
44.Kd1 Bxd2 45.Kxd2 Ke5 46.Kc2 Rf6 47.Rd2 Ke4 48.Re2+ Kf3 49.Kd3 Kg2 50.b4 Rf3+
51.Ke4 f5+ 52.Ke5 cxb4 53.axb4 Rxf2 54.Re1 Rb2 55.Kxd4 Rxb4+ 56.Ke5 Re4+  0-1

[Event "27th Cracovia Open A"]
[Site "Krakow POL"]
[Date "2016.12.30"]
[Round "5.6"]
[White "Diermair,A"]
[Black "Mikrut,D"]
[Result "1/2-1/2"]
[WhiteElo "2469"]
[BlackElo "2395"]

1.d4 Nf6 2.c4 c5 3.d5 e6 4.Nc3 exd5 5.cxd5 d6 6.Nf3 g6 7.Nd2 Bg7 8.e4 O-O
9.Be2 Re8 10.O-O b6 11.a4 Ba6 12.Bb5 Bxb5 13.axb5 Nbd7 14.Qc2 Nh5 15.Nf3 Ne5
16.Nxe5 Bxe5 17.g3 Qd7 18.Kg2 f5 19.exf5 gxf5 20.Ra4 Qf7 21.Qd3 Qg6 22.Qf3 Bxc3
23.bxc3 Re4 24.Rxe4 fxe4 25.Qe2 Rf8 26.Re1 Nf6 27.c4 Ng4 28.Qxe4 Rxf2+ 29.Kg1 Rxh2
30.Qe6+ Qxe6 31.dxe6 Kf8 32.Bf4 Ke8 33.Bxd6 Rd2 34.Bb8 Rd4 35.Bxa7 Rxc4 36.Bxb6 Rb4
37.Bxc5 Rxb5 38.Bd6 Rb6 39.Bc5 Rc6 40.Bb4  1/2-1/2

[Event "124th ch-NZL Open 2017"]
[Site "Wellington NZL"]
[Date "2017.01.01"]
[Round "1.6"]
[White "Dale,Ari"]
[Black "Jellyman,Riley"]
[Result "1-0"]
[WhiteElo "2333"]
[BlackElo "1788"]

1.d4 Nf6 2.c4 e6 3.Nc3 c5 4.d5 exd5 5.cxd5 d6 6.Nf3 g6 7.Bf4 a6 8.Nd2 b5
9.a4 b4 10.Nce4 Bb7 11.Qb3 Nxd5 12.Bg5 Be7 13.Bxe7 Qxe7 14.Nc4 O-O 15.Ncxd6 Bc6
16.Rd1 f5 17.e3 fxe4 18.Rxd5 Bxd5 19.Qxd5+ Kg7 20.Qxa8 Qxd6 21.Qxe4 Qf6 22.Qc2 b3
23.Qc3 Qxc3+ 24.bxc3 Nc6 25.Bxa6 Na5 26.Ke2 Rd8 27.Rd1 b2 28.Rb1 Rb8 29.Bb5  1-0

[Event "27th Cracovia Open A"]
[Site "Krakow POL"]
[Date "2017.01.02"]
[Round "7.1"]
[White "Sadzikowski,D"]
[Black "Mista,A"]
[Result "0-1"]
[WhiteElo "2547"]
[BlackElo "2592"]

1.d4 Nf6 2.c4 c5 3.d5 e6 4.Nc3 exd5 5.cxd5 d6 6.Nf3 g6 7.Nd2 Bg7 8.e4 O-O
9.Be2 a6 10.a4 Nbd7 11.O-O Rb8 12.f4 Ne8 13.Kh1 Qe7 14.Nc4 Bd4 15.Bf3 Ng7
16.Ne2 Bf6 17.Ra3 Re8 18.a5 Qf8 19.Rb3 Bd8 20.Bd2 b5 21.axb6 Nxb6 22.Na5 Bd7
23.Nc6 Bxc6 24.dxc6 Rc8 25.Ba5 Nc4 26.Bxd8 Rexd8 27.Qe1 Rxc6 28.Qc3 Nb6 29.Nd4 Rcc8
30.Rxb6 cxd4 31.Qxd4 Ne6 32.Qd2 a5 33.Bg4 Rb8 34.Qxa5 Nc5 35.e5 dxe5 36.fxe5 Qe7
37.Rbf6 Rf8 38.Qe1 Nd3 39.Qh4 Qxe5 40.b3 Rb4 41.R6f3 Qb5 42.Rf5 Qb8 43.h3 Nf4
44.Qg5 Ne6 45.Qh6 Rxg4 46.hxg4 gxf5 47.gxf5 Ng7 48.f6 Ne6 49.Qh4 Rd8 50.Re1 Rd4
51.Qf2 Qf4  0-1

[Event "27th Cracovia Open A"]
[Site "Krakow POL"]
[Date "2017.01.02"]
[Round "7.6"]
[White "Diermair,A"]
[Black "Molenda,Marcin"]
[Result "0-1"]
[WhiteElo "2469"]
[BlackElo "2408"]

1.d4 Nf6 2.c4 c5 3.d5 e6 4.Nc3 exd5 5.cxd5 d6 6.Nf3 g6 7.Bf4 a6 8.a4 Bg7
9.h3 O-O 10.e3 Qe7 11.Nd2 Nbd7 12.Be2 Ne5 13.O-O Re8 14.Bh2 Rb8 15.Re1 g5
16.f4 Ng6 17.Bd3 g4 18.Bf1 gxh3 19.gxh3 b5 20.axb5 axb5 21.Bxb5 Bd7 22.Ra7 Qd8
23.Bf1 Rxb2 24.Nc4 Qb8 25.Ra3 Rb4 26.Qf3 Nh4 27.Qf2 Nf5 28.Kh1 Rxc4 29.Bxc4 Qb4
30.Qa2 Nxe3 31.Bd3 Nfxd5 32.Rb3 Nxc3 33.Rxb4 Nxa2 34.Rb6 Nb4 35.Rxd6 Nxd3
36.Rxd3 Bc6+ 37.Kg1 Bd4  0-1

[Event "27th Cracovia Open A"]
[Site "Krakow POL"]
[Date "2017.01.03"]
[Round "8.1"]
[White "Klekowski,M"]
[Black "Molenda,Marcin"]
[Result "0-1"]
[WhiteElo "2448"]
[BlackElo "2408"]

1.d4 Nf6 2.c4 c5 3.d5 e6 4.Nc3 exd5 5.cxd5 d6 6.Nf3 g6 7.Nd2 Bg7 8.e4 O-O
9.Be2 Na6 10.O-O Nc7 11.a4 b6 12.Re1 Rb8 13.Nc4 Ba6 14.Bf4 Bxc4 15.Bxc4 Nh5
16.Be3 a6 17.Be2 Nf6 18.a5 Re8 19.Bf3 bxa5 20.Qd2 Nd7 21.Rxa5 Nxd5 22.Rxa6 Nxe3
23.Rxe3 Bd4 24.Re1 Ne5 25.Be2 Rb4 26.Rf1 Qh4 27.g3 Qh3 28.Rxd6 Reb8 29.Nd1 Rxb2
30.Nxb2 Rxb2 31.Rxd4 Rxd2 32.Rxd2 Nc6 33.Rc1 Qh6 34.f4 g5 35.Rxc5 gxf4 36.Rd3 fxg3
37.Rxg3+ Kf8 38.Bb5 Nd4 39.Rc8+ Ke7 40.e5 Nxb5 41.Rgg8 Qe3+ 42.Kg2 Qe4+ 43.Kg1 Ke6
44.Rce8+ Kd5 45.Rd8+ Kc4 46.Rc8+ Kd3 47.Rg3+ Kd4 48.Rd8+ Kc5 49.Rc8+ Kd5
50.Rgg8 Nd4 51.Rgd8+ Kxe5  0-1

[Event "28th Roquetas de Mar Open"]
[Site "Roquetas de Mar ESP"]
[Date "2017.01.03"]
[Round "1.11"]
[White "Lemos,D"]
[Black "Gomez Sanjuan,Hector Fernando"]
[Result "1-0"]
[WhiteElo "2516"]
[BlackElo "2065"]

1.d4 Nf6 2.c4 e6 3.Nf3 c5 4.d5 exd5 5.cxd5 d6 6.Nc3 g6 7.Nd2 Bg7 8.e4 O-O
9.Be2 Re8 10.O-O Nbd7 11.h3 a6 12.a4 Rb8 13.Re1 Qc7 14.Qc2 g5 15.Nf1 h6 16.Ng3 Ne5
17.Nd1 Ng6 18.Ne3 Nh4 19.Bd2 Qe7 20.Bg4 Nxg4 21.hxg4 Be5 22.Nh5 Ng6 23.Nf5 Qf8
24.g3 Bxf5 25.gxf5 Nh8 26.Bc3 f6 27.f4 Bd4+ 28.Bxd4 cxd4 29.Qd2 Qf7 30.g4 d3
31.Qxd3 Kh7 32.Qd4 Rf8 33.e5 dxe5 34.fxe5 fxe5 35.Rxe5 Ra8  1-0

[Event "Australian Open 2017"]
[Site "Brisbane AUS"]
[Date "2017.01.05"]
[Round "5.4"]
[White "Izzat,Kanan"]
[Black "Adly,A"]
[Result "1-0"]
[WhiteElo "2454"]
[BlackElo "2597"]

1.d4 Nf6 2.c4 c5 3.d5 e6 4.Nc3 exd5 5.cxd5 d6 6.Nf3 g6 7.Nd2 Bg7 8.e4 O-O
9.Be2 Re8 10.O-O Na6 11.Re1 Nc7 12.Qc2 Ng4 13.h3 Nxf2 14.Kxf2 Qh4+ 15.Kf1 Bd4
16.Nd1 Bxh3 17.Bf3 Bd7 18.Nc4 f5 19.g3 Qh3+ 20.Qg2 fxe4 21.Rxe4 Rxe4 22.Bxe4 Rf8+
23.Ke1 Qh5 24.Bf4 Bh3 25.Qf3 Bg4 26.Qh1 Re8 27.Nde3 Bxe3 28.Nxe3 g5 29.Bxg5 Qxg5
30.Qxh7+ Kf8 31.Kd2 Nxd5 32.Rf1+ Nf6 33.Qg6 Qxg6 34.Bxg6 Rxe3 35.Kxe3 Ke7
36.Bf5 Bh5 37.Kf4 Bf7 38.Kg5 Nd5 39.Re1+ Kd8 40.Be6 Bxe6 41.Rxe6 Kd7 42.Re2 b5
43.g4 c4 44.Kf5 Ne7+ 45.Ke4 Ke6 46.Kd4+ Kf7 47.a3 Kf6 48.Rf2+ Ke6 49.Re2+ Kf6
50.Re1 Nc6+ 51.Kd5 Ne5 52.Kxd6 Nd3 53.Rf1+ Kg6 54.Kc6 a6 55.Rb1 b4 56.axb4 Kg5
57.Kd5 Nxb4+ 58.Kxc4  1-0

[Event "ch-NOR Rapid 2017"]
[Site "Sandefjord NOR"]
[Date "2017.01.07"]
[Round "3.6"]
[White "Haug,J"]
[Black "Nordquelle,Daniel"]
[Result "1-0"]
[WhiteElo "2287"]
[BlackElo "2132"]

1.d4 Nf6 2.c4 c5 3.d5 e6 4.Nc3 exd5 5.cxd5 d6 6.Nf3 a6 7.a4 g6 8.Bf4 Qe7
9.e3 Bg4 10.h3 Bxf3 11.Qxf3 Nbd7 12.Qd1 Bg7 13.Be2 O-O 14.O-O Ne8 15.Qb3 Rb8
16.Bh2 f5 17.Rfe1 Nef6 18.Bf1 Ne4 19.Rad1 g5 20.Bd3 Ndf6 21.Qb6 Nd7 22.Qb3 Ndf6
23.f3 Nxc3 24.bxc3 Qd7 25.Qc2 Ne8 26.c4 h6 27.f4 Nc7 28.fxg5 hxg5 29.Rf1 b5
30.axb5 axb5 31.Rxf5 Rxf5 32.Bxf5 Qe7 33.Qe4 Qf6 34.Rf1 Kh8 35.Be6 Qd8 36.Qg6 Qe8
37.Rf7 Nxe6 38.dxe6 Qg8 39.Bxd6 Rc8 40.Be5 Qxf7 41.exf7 Bxe5 42.Qh6+  1-0

[Event "Yuri M Nikitin Mem 2017"]
[Site "Pavlodar KAZ"]
[Date "2017.01.12"]
[Round "1.4"]
[White "Sorokin,Aleksey"]
[Black "Tologontegin,S"]
[Result "1/2-1/2"]
[WhiteElo "2434"]
[BlackElo "2419"]

1.d4 Nf6 2.c4 e6 3.Nf3 c5 4.d5 exd5 5.cxd5 d6 6.Nc3 a6 7.a4 g6 8.Bf4 Bg7
9.h3 Qe7 10.e3 O-O 11.Be2 Nbd7 12.O-O Ne8 13.Qb3 Nc7 14.Nd2 Ne5 15.Rfe1 f5
16.Bg3 Rb8 17.a5 Bd7 18.Kh1 Rfe8 19.f4 Nf7 20.Bd3 Qd8 21.Nf3 Na8 22.Bh4 Qc7
23.Nd2 b5 24.axb6 Rxb6 25.Qc2 Qc8 26.e4 Nc7 27.exf5 Bxf5 28.Rxe8+ Nxe8 29.Nc4 Rb4
30.Ne4 Qa8 31.Be1 Rb8 32.Bc3 Qxd5 33.Ne3 Qe6 34.Nxf5 gxf5 35.Ng3 Bxc3 36.bxc3 Ng7
37.Bxf5 Nxf5 38.Nxf5 Qc4 39.Qd2 Re8 40.Nxd6 Nxd6 41.Qxd6 Qxc3 42.Qxa6 c4
43.Qa2 Re1+ 44.Rxe1 Qxe1+ 45.Kh2 Qe4 46.Kg3 Qd3+ 47.Kh4 Qd8+ 48.Kg4 Qd1+  1/2-1/2

[Event "Rishon Lezion Winter IM"]
[Site "Rishon LeZion ISR"]
[Date "2017.01.12"]
[Round "2.2"]
[White "Erenberg,Ariel"]
[Black "Lahav,Michal"]
[Result "1-0"]
[WhiteElo "2338"]
[BlackElo "2223"]

1.d4 Nf6 2.c4 e6 3.Nc3 c5 4.d5 exd5 5.cxd5 d6 6.Nf3 g6 7.Bf4 a6 8.a4 Bg7
9.h3 O-O 10.e3 Re8 11.Bd3 Nbd7 12.O-O Qc7 13.Bh2 Rb8 14.Nd2 Ne5 15.Be2 b6
16.f4 Ned7 17.e4 c4 18.Kh1 b5 19.Rc1 Nc5 20.e5 b4 21.Ncb1 c3 22.bxc3 Nxd5
23.Nc4 Bb7 24.cxb4 Nxb4 25.Nxd6 Red8 26.Bg1 Qd7 27.Bg4 Ne6 28.f5 Bxe5 29.fxe6 Qxd6
30.exf7+ Kf8 31.Bc5 Qxc5 32.Rxc5 Rxd1 33.Rxd1 Bf6 34.Be6 Nc6 35.Nc3 Nd4 36.Ba2 Kg7
37.Rc7 Be5 38.f8=Q+ Kxf8 39.Rf7+ Ke8 40.Re1 Nc6 41.Rxh7 Kd8 42.Rd1+ Ke8 43.Bd5 Ne7
44.Re1 Bxd5 45.Rxe5 Bf7 46.Rh8+  1-0

[Event "Yuri M Nikitin Mem 2017"]
[Site "Pavlodar KAZ"]
[Date "2017.01.14"]
[Round "3.5"]
[White "Suleymenov,Alisher"]
[Black "Tologontegin,S"]
[Result "1/2-1/2"]
[WhiteElo "2321"]
[BlackElo "2419"]

1.d4 Nf6 2.c4 e6 3.Nf3 c5 4.d5 exd5 5.cxd5 d6 6.Nc3 a6 7.a4 g6 8.Bf4 Bg7
9.h3 O-O 10.e3 Qe7 11.Nd2 Nbd7 12.Be2 Ne5 13.O-O Rb8 14.a5 Ne8 15.Re1 b5
16.axb6 Rxb6 17.Ra2 Rb4 18.Bh2 f5 19.Bf1 Nc7 20.f4 Nf7 21.Nc4 Re8 22.Bg3 Qd8
23.Qd2 Bd7 24.Raa1 Qb8 25.Ra2 Qb7 26.Kh2 Nb5 27.Rea1 Nc7 28.Re1 Qa8 29.Rd1 Qb8  1/2-1/2

[Event "16th Prague Open 2017"]
[Site "Prague CZE"]
[Date "2017.01.14"]
[Round "3.25"]
[White "Laverton,C"]
[Black "Yakimenko,Alex"]
[Result "1-0"]
[WhiteElo "2121"]
[BlackElo "2242"]

1.d4 e6 2.c4 Nf6 3.Nf3 c5 4.d5 exd5 5.cxd5 d6 6.Nc3 g6 7.Nd2 a6 8.a4 Nbd7
9.e4 Qe7 10.Be2 Bg7 11.O-O O-O 12.f4 Ne8 13.Bf3 f5 14.Re1 Qf6 15.Qe2 Nc7
16.Nc4 Re8 17.Qf2 Qf8 18.Kh1 Bxc3 19.bxc3 fxe4 20.Bxe4 Nf6 21.Nd2 Nxe4 22.Rxe4 Rxe4
23.Nxe4 Bf5 24.Ng5 Nxd5 25.Qa2 h6 26.Qxd5+ Kh8 27.Nf3 Re8 28.Qd1 c4 29.Qd4+ Kh7
30.Ba3 Be4 31.Bxd6 Qf5 32.Rf1 Bxf3 33.gxf3 Qh3 34.Qxc4 Re6 35.Be5 g5 36.Qd3+ Kg8
37.Rb1 b6 38.Qd8+ Kf7 39.Qd7+ Kg6 40.Qd3+ Kh5 41.Rg1 b5 42.Rg3 Qh4 43.Qf5 Rg6
44.Rh3  1-0

[Event "Yuri M Nikitin Mem 2017"]
[Site "Pavlodar KAZ"]
[Date "2017.01.16"]
[Round "5.2"]
[White "Sorokin,Aleksey"]
[Black "Kazakov,K"]
[Result "1-0"]
[WhiteElo "2434"]
[BlackElo "2332"]

1.d4 Nf6 2.c4 e6 3.Nf3 c5 4.d5 exd5 5.cxd5 d6 6.Nc3 g6 7.Bf4 a6 8.a4 Bg7
9.h3 O-O 10.e3 Qe7 11.Be2 Nbd7 12.O-O Ne8 13.a5 Rb8 14.Nd2 Ne5 15.Qb3 f5
16.Bg3 Bd7 17.Bxa6 Nf6 18.Be2 Nh5 19.Bxh5 gxh5 20.Nc4 Kh8 21.Nb5 Bxb5 22.Qxb5 Nxc4
23.Qxc4 Bxb2 24.Rab1 Be5 25.Bxe5+ Qxe5 26.g3 Rg8 27.Qh4 Rg7 28.Rfd1 Rbg8  1-0

[Event "Rishon Lezion Winter IM"]
[Site "Rishon LeZion ISR"]
[Date "2017.01.16"]
[Round "3.1"]
[White "Zanan,E"]
[Black "Battaglini,G"]
[Result "1/2-1/2"]
[WhiteElo "2422"]
[BlackElo "2434"]

1.d4 Nf6 2.c4 e6 3.Nf3 c5 4.d5 d6 5.Nc3 exd5 6.cxd5 g6 7.Nd2 Bg7 8.e4 O-O
9.Be2 Re8 10.O-O Nbd7 11.Re1 h5 12.h3 h4 13.Qc2 Nh7 14.f4 a6 15.a4 Bd4+ 16.Kh1 Ndf6
17.Rf1 Qe7 18.Bf3 g5 19.e5 dxe5 20.fxg5 Nxg5 21.Nde4 Ngxe4 22.Nxe4 Bf5 23.Qe2 Nxd5
24.Bg4 Bxe4 25.Qxe4 Nf4 26.Bxf4 exf4 27.Qxf4 Be5 28.Qh6 Bg7 29.Qh5 Rad8 30.Bf5 Rd6
31.Rae1 Qxe1 32.Bh7+ Kh8 33.Bg6+ Kg8 34.Bh7+  1/2-1/2

[Event "Vladimir Dvorkovich Cup"]
[Site "Taganrog RUS"]
[Date "2017.01.20"]
[Round "8.11"]
[White "Tunik,G"]
[Black "Ibadov,Dashgyn"]
[Result "1/2-1/2"]
[WhiteElo "2401"]
[BlackElo "2292"]

1.d4 e6 2.c4 c5 3.d5 exd5 4.cxd5 d6 5.Nc3 Nf6 6.Nf3 g6 7.Nd2 Bg7 8.e4 O-O
9.Be2 Na6 10.O-O Nc7 11.a4 Re8 12.Qc2 Nd7 13.Nc4 Ne5 14.Ne3 h5 15.f3 Qh4
16.Nb5 Nxb5 17.axb5 Bh6 18.f4 Ng4 19.Bxg4 hxg4 20.Nc4 Bg7 21.Ra3 Qe7 22.Re1 Bd7
23.b6 axb6 24.Rxa8 Rxa8 25.Nxb6 Re8 26.Nxd7 Qxd7 27.Bd2 Qb5 28.Bc3 Qc4 29.Qe2 Qb3
30.Qd2 Bxc3 31.Qxc3 Qxc3 32.bxc3 b5 33.Kf2 Kg7 34.h3 gxh3 35.gxh3 Kf6 36.Kf3 Ra8
37.Rb1 Ra5 38.Kg4 Ra4 39.Rxb5 Rxe4 40.Rb6 Ke7 41.Kg5 Rc4 42.Rb7+ Ke8 43.Rb8+ Ke7
44.Rb7+ Ke8 45.Rb8+ Ke7 46.Rb7+  1/2-1/2

[Event "3rd Floripa Open 2017"]
[Site "Florianopolis BRA"]
[Date "2017.01.21"]
[Round "2.99"]
[White "Crul,Otavio Augusto Barros"]
[Black "Hernandez Saldivia,R"]
[Result "1/2-1/2"]
[WhiteElo "1812"]
[BlackElo "1919"]

1.d4 e6 2.c4 c5 3.d5 exd5 4.cxd5 d6 5.Nc3 Nf6 6.Nf3 Bg4 7.Nd2 a6 8.a4 Be7
9.f3 Bh5 10.e4 O-O 11.Be2 Nfd7 12.O-O f5 13.exf5 Bf6 14.Nde4 Bd4+ 15.Kh1 Nf6
16.Bf4 Nxe4 17.fxe4 Bxe2 18.Qxe2 Qf6 19.Qc2 Nd7 20.Ne2 Be5 21.Bxe5 Nxe5 22.Nf4 Ng4
23.Rf3 Qe5 24.h3 Nf6 25.Ne6 Rf7 26.Re3 Nxd5 27.Rf3 Nb4 28.Qb3 h6 29.Rg3 Kh8
30.Rg6 Rf6 31.Qg3 Rxg6 32.Qxe5 dxe5 33.fxg6 c4 34.Rf1 Nd3 35.Rf7 b5 36.Rxg7 Nxb2
37.Rf7 Kg8 38.Rg7+ Kh8 39.Re7 c3 40.Rh7+ Kg8 41.Rg7+ Kh8 42.Rh7+ Kg8 43.Rg7+ Kh8
44.Rh7+ Kg8 45.Rg7+ Kh8 46.Rh7+  1/2-1/2

[Event "3rd Floripa Open 2017"]
[Site "Florianopolis BRA"]
[Date "2017.01.22"]
[Round "4.125"]
[White "De Souza Monteiro,Marcos Paulo"]
[Black "Couto,Mauricio Souza"]
[Result "1-0"]
[WhiteElo "2021"]
[BlackElo "1738"]

1.d4 c5 2.d5 Nf6 3.c4 e6 4.Nc3 exd5 5.cxd5 d6 6.Nf3 g6 7.e4 Bg4 8.Be2 Bxf3
9.Bxf3 Nbd7 10.O-O a6 11.a4 Bg7 12.Bf4 Qc7 13.Rc1 O-O 14.b4 b6 15.e5 Ne8
16.exd6 Nxd6 17.Ne4 Be5 18.Bxe5 Nxe5 19.bxc5 Nxf3+ 20.Qxf3 Nxe4 21.Qxe4 bxc5
22.Rfd1 Rfd8 23.d6 Qb6 24.Rb1 Qa5 25.Rb7 Rab8 26.Rxb8 Rxb8 27.d7 Rd8 28.Qc6 Kg7
29.g3 Qb4 30.h3 a5 31.Kh2 c4 32.Qc7 Qe7 33.Qxc4 Rxd7 34.Rxd7 Qxd7 35.Qc3+ Kh6
36.Qxa5 Qd4 37.Kg1 Qd7 38.h4 Qd1+ 39.Kg2 Qb1 40.Qa8 Kg7 41.a5 f5 42.a6 Kh6
43.a7 Qb4 44.Qf3  1-0

[Event "3rd Floripa Open 2017"]
[Site "Florianopolis BRA"]
[Date "2017.01.24"]
[Round "7.63"]
[White "Antunes,Luciano Justi"]
[Black "Maiberg,Wellington Gubiani"]
[Result "1/2-1/2"]
[WhiteElo "2123"]
[BlackElo "1898"]

1.d4 Nf6 2.c4 c5 3.d5 e6 4.Nc3 exd5 5.cxd5 d6 6.Nf3 g6 7.h3 Bg7 8.Bf4 a6
9.a4 O-O 10.e3 Qe7 11.Nd2 Nbd7 12.Nc4 Ne8 13.Be2 Ndf6 14.Bd3 Bd7 15.Nb6 Rd8
16.O-O Nh5 17.Bh2 f5 18.Re1 Qh4 19.a5 Qb4 20.Nxd7 Rxd7 21.Qc2 Qh4 22.Qa4 Qd8
23.Rab1 Rdf7 24.Ne2 Nhf6 25.Nf4 Qd7 26.Qa2 Re7 27.b4 cxb4 28.Rxb4 Ne4 29.Ne6 Bc3
30.Nxf8 Kxf8 31.Reb1 Bxb4 32.Rxb4 Nc5 33.Bf1 Re4 34.Qb2 Qg7 35.Qb1 Rxb4 36.Qxb4 Ke7
37.Qb6 Qf6 38.h4 Kd7 39.Bf4 Nc7 40.Bc4 h6 41.Bxh6 Qxh4 42.Bf4 Qf6 43.e4 fxe4
44.Be3 Qa1+ 45.Kh2 Qe5+ 46.g3 Nxd5 47.Bxd5 Qh5+ 48.Kg2 Qxd5 49.Qb2 Ne6 50.Qf6 Qf5
51.Qb2 Kc8 52.Qc3+ Nc5 53.Qh8+ Kc7 54.Qe8 Nd7 55.Bf4 Nc5 56.Qe7+ Qd7 57.Qf6 Qe6
58.Qb2 Nd7 59.Qc3+ Nc5 60.Qb2 Nd7 61.Qc3+ Nc5  1/2-1/2